| 000 | 004240000a22001690004500 | ||
|---|---|---|---|
| 003 | MACL | ||
| 005 | 20160113161604.0 | ||
| 008 | 160113b xxu||||| |||| 00| 0 eng d | ||
| 040 |
_aMACL _cMACL |
||
| 041 | _aEnglish | ||
| 082 | _a954/UPA | ||
| 100 |
_aUpadhyaya, Bhagwat Saran _930464 |
||
| 245 | _aIndia in kalidasa | ||
| 260 |
_bKitabistan _c1947 _aAllahabad |
||
| 650 |
_aIndian History _9227 |
||
| 942 |
_cBK _k954/UPA _2ddc |
||
| 999 |
_c35335 _d35335 |
||